| 000 | 00810nam a22002657a 4500 | ||
|---|---|---|---|
| 001 | 2699 | ||
| 003 | DO-SdBNP | ||
| 005 | 20230512134046.0 | ||
| 007 | 2699 | ||
| 008 | 931008s1993 sp ||||| ||spa | ||
| 020 | _a8481300195 | ||
| 040 |
_aBPMSU _bspa _cBPMSU |
||
| 082 | 4 |
_aU863.44 _b B462c 1993 _222 |
|
| 100 | 1 |
_aBenedetti, Mario _d1920-2009 _942 |
|
| 245 | 1 | 3 |
_aEl césped y otros relatos / _cMario Benedetti. |
| 260 |
_aBarcelona : _bPrimera Plana, _c1993 |
||
| 300 |
_a95 p. ; _c21 cm. |
||
| 490 | 0 |
_aGrandes autores; _aBiblioteca de literatura universal _v21 |
|
| 500 | _3Incluye datos biográficos del autor en la contracubierta | ||
| 590 | _6Inventariado, 2023/VM | ||
| 650 | 4 | _aCuentos uruguayos | |
| 650 | 4 | _aLiteratura uruguaya | |
| 910 | _aVMateo V. Control de calidad (BPMSU) | ||
| 942 |
_2ddc _cBK |
||
| 999 |
_c8796 _d8796 |
||